Community courts: restoring the community one case at a time

Saved in:  
Bibliographic Details
Main Author: Connor, Tyrell (Author)
Format: Print Article
Language:English
Published: 2021
In: Taking problem-solving courts to scale
Year: 2021, Pages: 141-161
Check availability: HBZ Gateway
Keywords:

MARC

LEADER 00000caa a2200000 c 4500
001 194515974X
003 DE-627
005 20260202165119.0
007 tu
008 251209s2021 xx ||||| 00| ||eng c
020 |a 9781793608413 
035 |a (DE-627)194515974X 
035 |a (DE-599)KXP194515974X 
040 |a DE-627  |b ger  |c DE-627  |e rda 
041 |a eng 
084 |a 2,1  |2 ssgn 
100 1 |a Connor, Tyrell  |e VerfasserIn  |0 (DE-588)125225086X  |0 (DE-627)1793373248  |4 aut 
109 |a Connor, Tyrell 
245 1 0 |a Community courts  |b restoring the community one case at a time  |c Tyrell Connor 
264 1 |c 2021 
336 |a Text  |b txt  |2 rdacontent 
337 |a ohne Hilfsmittel zu benutzen  |b n  |2 rdamedia 
338 |a Band  |b nc  |2 rdacarrier 
500 |a Literaturverzeichnis: Seite 158-161 
689 0 0 |d s  |0 (DE-588)4121346-4  |0 (DE-627)105770124  |0 (DE-576)209542543  |a Gericht  |2 gnd 
689 0 1 |d s  |0 (DE-588)4020015-2  |0 (DE-627)106319590  |0 (DE-576)208931538  |a Gemeinschaft  |2 gnd 
689 0 2 |d s  |0 (DE-588)4041030-4  |0 (DE-627)106220780  |0 (DE-576)209043172  |a Nachbarschaft  |2 gnd 
689 0 3 |d s  |0 (DE-588)4131924-2  |0 (DE-627)105691518  |0 (DE-576)209631333  |a Vandalismus  |2 gnd 
689 0 4 |d s  |0 (DE-588)4021791-7  |0 (DE-627)106312189  |0 (DE-576)208939970  |a Graffito  |2 gnd 
689 0 5 |d s  |0 (DE-588)4047516-5  |0 (DE-627)106194380  |0 (DE-576)209073810  |a Prostitution  |2 gnd 
689 0 6 |d s  |0 (DE-588)4000320-6  |0 (DE-627)106401556  |0 (DE-576)208837620  |a Abweichendes Verhalten  |2 gnd 
689 0 7 |d s  |0 (DE-588)4144322-6  |0 (DE-627)105599190  |0 (DE-576)209733225  |a Behandlung  |2 gnd 
689 0 8 |d s  |0 (DE-588)4124580-5  |0 (DE-627)105746673  |0 (DE-576)20956928X  |a Auflage  |2 gnd 
689 0 9 |d s  |0 (DE-588)4247490-5  |0 (DE-627)104557435  |0 (DE-576)210488190  |a Reintegration  |2 gnd 
689 0 |5 (DE-627) 
773 0 8 |i Enthalten in  |t Taking problem-solving courts to scale  |d Lanham : Lexington Books, 2021  |g (2021), Seite 141-161  |h xi, 326 Seiten  |w (DE-627)1793488479  |z 9781793608413  |7 nnam 
773 1 8 |g year:2021  |g pages:141-161 
951 |a AR 
ELC |b 1 
LOK |0 000 xxxxxcx a22 zn 4500 
LOK |0 001 4824865263 
LOK |0 003 DE-627 
LOK |0 004 194515974X 
LOK |0 005 20251209151342 
LOK |0 008 251209||||||||||||||||ger||||||| 
LOK |0 040   |a DE-2619  |c DE-627  |d DE-2619 
LOK |0 092   |o n 
LOK |0 852   |a DE-2619 
LOK |0 852 1  |9 00 
LOK |0 939   |a 09-12-25  |b l01 
ORI |a SA-MARC-krimdoka001.raw